Liming for improving the nutrient availability and growth of rubber seedlings in the extremely acidic soil under rubber cultivation in South India (Record no. 48671)

MARC details
000 -LEADER
fixed length control field 00543nam a2200133Ia 4500
100 ## - MAIN ENTRY--AUTHOR NAME
Personal name Ambily K.K
245 #0 - TITLE STATEMENT
Title Liming for improving the nutrient availability and growth of rubber seedlings in the extremely acidic soil under rubber cultivation in South India
260 ## - PUBLICATION, DISTRIBUTION, ETC. (IMPRINT)
Name of publisher 30th Kerala Science Congress, 28-30 January 2018, Government Brennen College, Thalassery, India, Abstracts, p. 15
650 ## - SUBJECT ADDED ENTRY--TOPICAL TERM
Topical Term Nutrient availability
650 ## - SUBJECT ADDED ENTRY--TOPICAL TERM
Topical Term Rubber seedlings
700 ## - ADDED ENTRY--PERSONAL NAME
Personal name Joseph M
942 ## - ADDED ENTRY ELEMENTS (KOHA)
Koha item type Bibliography STAF
Holdings
Withdrawn status Lost status Damaged status Not for loan Home library Current library Shelving location Date acquired Koha item type
      Bibliography RRII Library RRII Library Agronomy 01/01/2018 Bibliography STAF